00478nam a2200133Ia 4500003000200000005001700002008004100019050002400060100002700084245009100111260008600202300002900288521002700317020250211101541.0140724s9999 xx 000 0 und d aT 58.6 b.B447 2007 aBellon, Jerald Santos. 4aThe product information system of Pharma World TDG. Co., LTD. /cJerald Santos Bellon. aLas Piñas, Philippines :bSouthville International School and Colleges,cc2007. a166 p. :bill. ;c28 cm. aInformation Technology